00864nam a2200217 a 450000100100000000500170001000800410002702000150006804000250008308200150010824500860012326000560020930000360026550400730030159000260037470000280040070000280042871000600045695201130051699900170062900004200920201002035901.0131030s1748 sp ac r 000 0 spa d a8400075234 aDO-SdBNPbspacBNPHU axxxxbxxxx00aActas del II Centenario de Don Antonio de Ulloa /ceditores M. Losada, C. Varela. aBarcelona :bEscuela de Estudios Hispanoamericanos. a279 p. :bil., retrs. ;c25 cm. aIncluye referencias bibliográficas y notas al pie de las páginas aInventariado, 2019/BT1 aLosada, M.,eed.9689541 aVarela, M.,eed.9689552 aEscuela de Estudios Hispanoamericanos (España)968956 001050718MOaGRbGRcHDd2013-10-30iLF1l0oxxxx xxxxp42009-10r2020-06-25w2020-06-25y1ZNo se presta c41498d41498